| 000 | 00544nam a22002057a 4500 | ||
|---|---|---|---|
| 003 | OSt | ||
| 005 | 20140310183022.0 | ||
| 008 | 130215t xxu||||| |||| 00| 0 eng d | ||
| 020 | _a9712344711 | ||
| 050 |
_aQ161.2 _b.M245 2006 |
||
| 082 |
_aFIL 500.22 _bEs7 2006 |
||
| 245 |
_aEssentials of physical science : _cMalenab, Ryan G. _bworktext |
||
| 260 |
_aManila _bRex Book Store _c2006 |
||
| 300 |
_a338 p. _c26 cm. |
||
| 521 | _acollege students | ||
| 526 | _c1210L-1700L | ||
| 541 | _j1 | ||
| 562 | _e4 | ||
| 942 |
_2lcc _cBK _kFIL |
||
| 999 |
_c18379 _d18379 |
||